Railway Stations in Great Britain Starting with H - Statistics

General Stats
  • This quiz has been taken 93 times
  • The average score is 58 of 200
Answer Stats
County Passengers (2024/2025) Station % Correct
Herefordshire 1,229,916 Hereford
82%
East Riding of Yorkshire 2,908,428 Hull
82%
Greater London 23,982,528 Highbury and Islington
73%
Greater London 940,160 Hayes
67%
Greater London 4,704,568 Heathrow Terminal 5
67%
Hertfordshire 1,076,556 Hertford East
67%
Hertfordshire 1,031,580 Hertford North
67%
Greater London 1,140,210 Harringay
64%
Greater London 8,450,164 Hayes and Harlington
64%
Greater London 850,306 Hounslow
64%
West Yorkshire 3,136,040 Huddersfield
64%
Hertfordshire 2,806,312 Harpenden
61%
County Durham 713,672 Hartlepool
61%
Greater London 2,058,248 Heathrow Terminal 4
61%
Greater London 7,938,962 Heathrow Terminals 2 and 3
61%
Hertfordshire 1,610,586 Hemel Hempstead
61%
Buckinghamshire 2,160,748 High Wycombe
61%
West Sussex 2,464,238 Horsham
61%
Greater London 5,316,954 Hackney Central
58%
Hertfordshire 2,458,060 Hatfield
58%
City of Edinburgh 3,334,408 Haymarket
58%
Hertfordshire 2,940,178 Hitchin
58%
Greater London 4,083,552 Hoxton
58%
Greater London 3,651,250 Haggerston
55%
West Yorkshire 1,803,018 Halifax
55%
Greater London 3,511,646 Hampstead Heath
55%
Greater London 948,726 Hampton
55%
Greater London 3,069,228 Harrow-on-the-Hill
55%
Essex 112,064 Harwich Town
55%
West Sussex 3,957,580 Haywards Heath
55%
Devon 337,040 Honiton
55%
East Sussex 2,028,988 Hove
55%
Greater London 3,015,486 Hackney Downs
52%
Greater Manchester 130,750 Hale
52%
Greater London 3,637,666 Harold Wood
52%
North Yorkshire 1,879,366 Harrogate
52%
East Sussex 2,168,544 Hastings
52%
Greater London 2,434,224 Herne Hill
52%
Leicestershire 377,764 Hinckley
52%
Surrey 1,469,460 Hampton Court
48%
Essex 1,847,334 Harlow Town
48%
Greater London 3,966,818 Harrow and Wealdstone
48%
Greater London 1,027,036 Hendon
48%
Derbyshire 97,946 Hope
48%
Flintshire 23,332 Hope
48%
Surrey 1,312,392 Horley
48%
Greater London 4,211,192 Hackney Wick
45%
Greater London 1,691,400 Hanwell
45%
Greater London 695,916 Hatch End
45%
Kent 834,602 Herne Bay
45%
Buckinghamshire 888,752 Haddenham and Thame Parkway
42%
Essex 117,528 Harwich International
42%
Hampshire 2,082,866 Havant
42%
Cornwall 154,548 Hayle
42%
Oxfordshire 835,354 Henley-on-Thames
42%
Kent 138,280 Higham
42%
Isle of Anglesey 236,886 Holyhead
42%
Greater London 4,685,786 Homerton
42%
Greater London 1,664,926 Hornsey
42%
Cambridgeshire 1,572,480 Huntingdon
42%
Essex 278,544 Harlow Mill
39%
Greater London 1,425,034 Harringay Green Lanes
39%
West Sussex 1,254,686 Hassocks
39%
Bedfordshire 307,596 Harlington
36%
Somerset 248,906 Highbridge and Burnham
36%
Essex 433,168 Hythe
36%
Greater London 911,110 Hackbridge
33%
Oxfordshire 376,462 Hanborough
33%
Greater London 1,553,164 Harlesden
33%
Greater London 516,542 Headstone Lane
33%
Argyll and Bute 671,306 Helensburgh Central
33%
Shropshire 2,230 Hopton Heath
33%
Norfolk 134,424 Hoveton and Wroxham
33%
Suffolk 124,996 Halesworth
30%
Hampshire 89,658 Hamble
30%
Greater London 810,634 Hampton Wick
30%
Cheshire 218,272 Hartford
30%
Surrey 1,457,816 Haslemere
30%
Warwickshire 34,912 Hatton
30%
Pembrokshire 113,300 Haverfordwest
30%
Cardiff 424,834 Heath High Level
30%
Cardiff 47,556 Heath Low Level
30%
West Yorkshire 907,830 Hebden Bridge
30%
Hampshire 402,116 Hedge End
30%
Cheshire 123,710 Helsby
30%
Northumberland 431,278 Hexham
30%
Worcestershire 113,180 Honeybourne
30%
Worcestershire 494,246 Hagley
27%
South Lanarkshire 686,520 Hamilton Central
27%
Gwynedd 129,000 Harlech
27%
Worcestershire 66,184 Hartlebury
27%
Greater London 322,800 Haydons Road
27%
West Yorkshire 391,286 Headingley
27%
Argyll and Bute 12,520 Helensburgh Upper
27%
Warwickshire 88,760 Henley-in-Arden
27%
East Riding of Yorkshire 82,812 Hessle
27%
Glasgow City 841,292 High Street
27%
Essex 818,190 Hockley
27%
Derbyshire 262,940 Hadfield
24%
Greater London 362,264 Hadley Wood
24%
Northumberland 96,252 Haltwhistle
24%
South Lanarkshire 683,164 Hamilton West
24%
Norfolk 1,768 Harling Road
24%
Flintshire 30,564 Hawarden
24%
Caerphilly 128,690 Hengoed
24%
Greater London 2,737,710 Highams Park
24%
Hampshire 360,224 Hilsea
24%
Hampshire 134,158 Hinton Admiral
24%
Greater London 2,899,052 Hither Green
24%
Berkshire 311,612 Hungerford
24%
Aberdeenshire 65,636 Huntly
24%
Norfolk 14,758 Haddiscoe
21%
Flintshire 10,230 Hawarden Bridge
21%
Kent 578,394 Headcorn
21%
Highland 4,242 Helmsdale
21%
Merseyside 91,244 Heswall
21%
Kent 46,240 Hever
21%
Tyne and Wear 45,528 Heworth
21%
Greater London 2,553,270 Honor Oak Park
21%
Hampshire 487,728 Hook
21%
Surrey 348,950 Horsley
21%
North Yorkshire 23,176 Horton-in-Ribblesdale
21%
East Riding of Yorkshire 135,878 Howden
21%
West Midlands 339,132 Hall Green
18%
West Midlands 230,862 Hamstead
18%
Dorset 145,478 Hamworthy
18%
Cumbria 36,300 Harrington
18%
Derbyshire 112,126 Hathersage
18%
Surrey 722,278 Hersham
18%
Kent 1,148,824 High Brooms
18%
Surrey 283,410 Hinchley Wood
18%
Lincolnshire 208,754 Hykeham
18%
East Sussex 861,166 Hampden Park
15%
Kent 81,830 Ham Street
15%
Essex 361,514 Hatfield Peverel
15%
Lincolnshire 902 Havenhouse
15%
Greater Manchester 518,622 Hazel Grove
15%
Merseyside 1,410,668 Headbolt Lane
15%
Staffordshire 276,156 Hednesford
15%
Lancashire 12,764 Heysham Port
15%
Glasgow City 230,266 Hillington East
15%
Glasgow City 274,120 Hillington West
15%
Dorset 42,058 Holton Heath
15%
Cheshire 729,906 Hooton
15%
Renfrewshire 75,126 Howwood
15%
Hertfordshire 29,104 How Wood
15%
Nottinghamshire 168,608 Hucknall
15%
Merseyside 694,522 Huyton
15%
Cheshire 333,294 Handforth
12%
Greater Manchester 623,242 Heaton Chapel
12%
Oxfordshire 45,552 Heyford
12%
Kent 62,252 Hollingbourne
12%
County Durham 164,582 Horden
12%
West Yorkshire 889,978 Horsforth
12%
Merseyside 470,456 Hoylake
12%
Merseyside 1,400,326 Hunts Cross
12%
Greater Manchester 68,992 Hyde Central
12%
Greater Manchester 43,946 Hyde North
12%
Lincolnshire 59,518 Habrough
9%
Greater Manchester 196,486 Hall-i'-th'-Wood
9%
Merseyside 383,818 Hall Road
9%
North Yorkshire 56,850 Hammerton
9%
West Midlands 210,864 Hampton-in-Arden
9%
Kent 98,904 Harrietsham
9%
South Yorkshire 72,000 Hatfield and Stainforth
9%
Northumberland 47,444 Haydon Bridge
9%
Greater Manchester 420,190 Heald Green
9%
Lincolnshire 6,680 Healing
9%
County Durham 37,274 Heighington
9%
North Yorkshire 580 Hensall
9%
Kent 352,930 Hildenborough
9%
Merseyside 641,590 Hillside
9%
Greater Manchester 240,130 Hindley
9%
Cheshire 243,856 Holmes Chapel
9%
North Yorkshire 458,274 Hornbeam Park
9%
Greater Manchester 549,902 Horwich Parkway
9%
Lancashire 802 Hoscar
9%
Lincolnshire 764 Hubberts Bridge
9%
North Yorkshire 40,664 Hunmanby
9%
Surrey 515,280 Hurst Green
9%
Glasgow City 1,389,628 Hyndland
9%
Greater Manchester 73,542 Hag Fold
6%
South Lanarkshire 436,178 Hairmyres
6%
Kent 109,218 Halling
6%
Lancashire 13,360 Hapton
6%
Renfrewshire 217,388 Hawkhead
6%
Merseyside 297,352 Hightown
6%
East Dunbartonshire 258,436 Hillfoot
6%
Cheshire 192,584 Hough Green
6%
Lancashire 24,574 Huncoat
6%
Merseyside 58,030 Halewood
3%
Greater Manchester 87,516 Hattersley
3%
Lincolnshire 40,268 Heckington
3%
North Yorkshire 42,272 Hellifield
3%
Surrey 55,806 Holmwood
3%
North Lanarkshire 165,274 Holytown
3%
West Yorkshire 45,226 Honley
3%
East Riding of Yorkshire 44,492 Hutton Cranswick
3%
North Lanarkshire 15,140 Hartwood
0%
Greater Manchester 30,068 Humphrey Park
0%
No matching quizzes found
Score Distribution
Percent of People with Each Score
Percentile by Number Answered
Your Score History
You have not taken this quiz